Top 20 países con más violencia de género - Estadísticas

Estadísticas generales
  • Esta prueba ha sido intentada 89 veces
  • La puntuación promedio es 13 de 20
Estadísticas de respuestas
Hint Respuesta % Correcto
América del Norte Estados Unidos
94%
América del Norte México
86%
Asia India
81%
América del Sur Argentina
79%
Asia Irak
79%
América del sur Venezuela
79%
Asia Pakistán
77%
Asia Arabia Saudí
75%
Asia Siria
75%
Asia Afganistán
72%
Asia Yemen
72%
África Nigeria
68%
África R.D Congo
63%
América del Norte Honduras
62%
América del Norte Guatemala
60%
África Somalia
54%
África República Centroafricana
42%
África Uganda
36%
Europa Dinamarca
32%
Europa Finlandia
31%
No se encontraron pruebas coincidentes
Distribución de puntuación
Porcentaje de gente con cada puntuación
Porcentaje por número respondido
Historial de tus puntuaciones
No has intentado esta prueba.